| 000 | 01309nam a22002657a 4500 | ||
|---|---|---|---|
| 005 | 20170124103203.0 | ||
| 010 | _aA-299819 | ||
| 020 | _c50.00 | ||
| 035 | _aA-299819 | ||
| 037 | _bCen Lib/Ret | ||
| 040 |
_aDPL _bHN |
||
| 082 |
_a780.9 _bशुक्लही |
||
| 100 |
_aशुक्ल, हीरालाल _992640 |
||
| 245 |
_aआदिवासी संगीत : _cहीरालाल शुक्ल _bमुरिया-संगीतशास्त्र : मानवविग्यनाश्रित सांगीतिक भाषाविज्ञान की भूमिका / |
||
| 246 |
_aAdivasi sangeet : muriya-sangeetshatr : manavvigyanashrit sangitik bahshavigyan ki bhumika / _bby Hiralal Shukla |
||
| 260 |
_aभोपाल _bमध्य प्रदेश हिन्दी ग्रन्थ अकादमी _c1986 |
||
| 270 | _bभोपाल | ||
| 300 |
_a281पृ. _c23सेमी(सजिल्द) |
||
| 500 | _aअनुक्रमाणिका शामिल | ||
| 650 |
_aआदिवासी संगीत _992641 |
||
| 650 |
_aसंगीत -- जनजाति _992642 |
||
| 650 |
_aTribal Music _992643 |
||
| 650 |
_aMusic - Tribes _992644 |
||
| 942 |
_2ddc _cHN _h780.9 _mशुक्लही |
||
| 999 |
_c120791 _d120791 |
||